Представление документа в формате RUSMARC

ПолеНазваниеЗначение
  Тип записи a
  Библиографический уровень m
001 Контрольный номер 365a3342ebde4f4ebb9c09c6ce0dafaf
005 Дата корректировки 20201206205140.7
010 Индекс ISBN __
a ISBN 978-5-17-107785-3 (в пер.)
d Цена 470-80, 2000 экз.
100 Данные общей обработки __
a Данные общей обработки 19180731d2018||||||| 0rusy0189 ca
101 Язык документа 0_
a Язык текста rus
102 Страна публикации __
a Страна публикации RU|
102 Страна публикации __
a Страна публикации ru
105 Кодированные данные (монография) __
a Кодированные данные (монография) #|||||||000zy
200 Заглавие и сведения об ответственности 1_
a Заглавие Пятое царство
e Сведения, относящиеся к заглавию роман
f Первые сведения об ответственности Юрий Буйда
b Общее обозначение материала Текст
210 Выходные данные __
a Место издания Москва
c Издательство АСТ
c Издательство Редакция Елены Шубиной
d Дата издания 2018
215 Физическое описание __
a Объем 349, [2] с.
d Формат 21 см
225 Серия __
a Серия Новая русская классика
300 Общие примечания __
a Общие примечания На обложке: лауреат премии Большая книга
300 Общие примечания __
a Общие примечания Содержит нецензурную брань
330 Аннотация __
a Аннотация Юрий Буйда - прозаик, автор романов "Вор, шпион и убийца" (премия "Большая книга"), "Синяя кровь", "Ермо", "Прусская невеста" (шорт-лист премии "Русский Букер") и др. Его книги выходят во Франции, Великобритании, Эстонии, Польше, Венгрии, Словакии, Норвегии и других странах. "Пятое царство" - захватывающая, душеполезная, поучительная и забавная история в двенадцати главах - по числу врат Града Небесного, - в которой участвуют тайные агенты Кремля, шотландские гвардейцы, ожившие мертвецы, иностранные шпионы, прекрасные женщины, наемные убийцы, алхимики, вольнодумцы, цари, монахи, вампиры, бояре, бастарды, воздухоплаватели, пьяные ведьмы, а также одна мраморная Венера и одно великое дерево.
333 Примечание о целевом назначении __
a Примечание о целевом назначении 18+. Запрещено для детей
606 Тематические рубрики __
a Основная рубрика Художественная литература
606 Тематические рубрики __
a Основная рубрика Современная русская литература (произведения)
610 Ключевые слова __
a Ключевые слова проза
a Ключевые слова романы
a Ключевые слова современная проза
a Ключевые слова тема общества
a Ключевые слова тема истории
a Ключевые слова ироническая проза
a Ключевые слова философская проза
a Ключевые слова фантасмагории
686 Индексы других классификаций __
2 Код системы rubbks
a Классификационный индекс 84(2=411.2)6-4
700 Автор _1
a Фамилия Буйда
b Имя Ю. В.
f Даты 1954-
g Полное личное имя Юрий Васильевич
4 Код отношения 070
801 Источник записи _0
a Страна RU
b Организация Муниципальное бюджетное учреждение культуры "Централизованная библиотечная система" г. Сургут (Центральная городская библиотека им. А. С. Пушкина)
c Дата составления 20180731
g Правила каталогизации rpk
801 Источник записи _1
a Страна RU
b Организация Муниципальное бюджетное учреждение культуры "Централизованная библиотечная система" г. Сургут (Центральная городская библиотека им. А. С. Пушкина)
c Дата составления 20180731
g Правила каталогизации rpk
852 Данные о местонахождении __
j Шифр хранения 84(2=411.2)6-4
i Авторский знак Б 90
901 Тип документа __
t Тип документа m
a Ответственный КиК/Котельникова
903 Характеристики (МАРС) __
a Дата передачи 20180731
990 Данные о заказе (DOS) __
j Количество экземпляров (DOS) 6
t N записи в КСУ для И/У (DOS) 201808